[Event "Open C"]
[Site "Polanica-Zdroj"]
[Date "2017.08.27"]
[Round "9.7"]
[White "Pluta, Natalia"]
[Black "Szylko, Waldemar"]
[Result "1-0"]
[BlackElo "1989"]
[WhiteElo "1787"]
[LiveChessVersion "1.4.8"]

1. c4 {[%clk 1:30:57]} c6 {[%clk 1:30:47]} 2. d4 {[%clk 1:31:18]} f5
{[%clk 1:31:00]} 3. g3 {[%clk 1:31:27]} Nf6 {[%clk 1:31:16]} 4. Bg2
{[%clk 1:31:53]} e6 {[%clk 1:31:30]} 5. Nf3 {[%clk 1:31:35]} d5 {[%clk 1:31:47]}
6. b3 {[%clk 1:31:24]} Nbd7 {[%clk 1:31:44]} 7. O-O {[%clk 1:31:23]} Be7
{[%clk 1:32:03]} 8. Qc2 {[%clk 1:28:45]} Ne4 {[%clk 1:30:07]} 9. Bf4
{[%clk 1:23:04]} O-O {[%clk 1:29:49]} 10. Ne5 {[%clk 1:21:23]} Nxe5
{[%clk 1:25:49]} 11. Bxe5 {[%clk 1:21:28]} Bd6 {[%clk 1:24:24]} 12. Nc3
{[%clk 1:14:22]} Bxe5 {[%clk 1:21:11]} 13. dxe5 {[%clk 1:14:45]} Qb6
{[%clk 1:15:10]} 14. Na4 {[%clk 1:08:48]} Qc7 {[%clk 1:09:28]} 15. f3
{[%clk 1:00:11]} Ng5 {[%clk 1:07:57]} 16. h4 {[%clk 0:55:22]} Nf7
{[%clk 1:07:02]} 17. f4 {[%clk 0:55:48]} Qe7 {[%clk 1:05:58]} 18. Bf3
{[%clk 0:53:47]} Bd7 {[%clk 1:05:13]} 19. c5 {[%clk 0:53:14]} g6 {[%clk 1:01:00]}
20. e3 {[%clk 0:50:27]} Kh8 {[%clk 1:01:01]} 21. b4 {[%clk 0:47:25]} Rg8
{[%clk 0:59:33]} 22. Qh2 {[%clk 0:43:15]} Rad8 {[%clk 0:53:16]} 23. Rad1
{[%clk 0:42:12]} Rg7 {[%clk 0:51:30]} 24. a3 {[%clk 0:42:19]} h6 {[%clk 0:51:45]}
25. Kf2 {[%clk 0:42:18]} Rdg8 {[%clk 0:49:07]} 26. Rh1 {[%clk 0:39:58]} Qd8
{[%clk 0:48:17]} 27. Qh3 {[%clk 0:37:26]} Qc7 {[%clk 0:45:20]} 28. Be2
{[%clk 0:33:57]} Ra8 {[%clk 0:42:23]} 29. Ra1 {[%clk 0:34:07]} Rgg8
{[%clk 0:40:17]} 30. Rhg1 {[%clk 0:29:16]} b5 {[%clk 0:35:46]} 31. Nb2
{[%clk 0:26:52]} a5 {[%clk 0:35:36]} 32. Qf1 {[%clk 0:25:42]} axb4
{[%clk 0:33:12]} 33. axb4 {[%clk 0:25:54]} Qb7 {[%clk 0:33:14]} 34. Nd3
{[%clk 0:25:38]} Rxa1 {[%clk 0:32:58]} 35. Qxa1 {[%clk 0:26:04]} Ra8
{[%clk 0:33:13]} 36. Qb2 {[%clk 0:25:07]} Qa7 {[%clk 0:33:05]} 37. Rb1
{[%clk 0:21:41]} Kh7 {[%clk 0:28:53]} 38. Nc1 {[%clk 0:20:57]} Kg7
{[%clk 0:18:14]} 39. Nb3 {[%clk 0:20:28]} Qa2 {[%clk 0:17:21]} 40. Na5
{[%clk 0:19:36]} Qxb2 {[%clk 0:17:33]} 41. Rxb2 {[%clk 0:20:05]} Ra7
{[%clk 0:15:09]} 42. Rb1 {[%clk 0:20:26]} Kf8 {[%clk 0:14:16]} 43. Ra1
{[%clk 0:20:53]} Kg7 {[%clk 0:14:06]} 44. Nb3 {[%clk 0:21:18]} Ra4
{[%clk 0:12:29]} 45. Rxa4 {[%clk 0:17:27]} bxa4 {[%clk 0:12:58]} 46. Na1
{[%clk 0:17:40]} Bc8 {[%clk 0:10:11]} 47. Bd1 {[%clk 0:17:51]} a3
{[%clk 0:09:52]} 48. Bb3 {[%clk 0:18:18]} g5 {[%clk 0:09:21]} 49. hxg5
{[%clk 0:18:43]} hxg5 {[%clk 0:09:32]} 50. Nc2 {[%clk 0:19:10]} Nh6
{[%clk 0:08:54]} 51. Nxa3 {[%clk 0:19:26]} Ng4+ {[%clk 0:09:02]} 52. Ke2
{[%clk 0:19:42]} Ba6+ {[%clk 0:08:47]} 53. Kd2 {[%clk 0:15:38]} Nf2
{[%clk 0:08:31]} 54. Ba4 {[%clk 0:14:52]} Ne4+ {[%clk 0:08:05]} 55. Ke1
{[%clk 0:15:16]} Bb7 {[%clk 0:07:45]} 56. Nc2 {[%clk 0:14:21]} Nc3
{[%clk 0:06:51]} 57. Bb3 {[%clk 0:14:39]} Kf7 {[%clk 0:06:41]} 58. Nd4
{[%clk 0:12:15]} g4 {[%clk 0:06:21]} 59. Ne2 {[%clk 0:10:49]} Ne4
{[%clk 0:06:27]} 60. Bc2 {[%clk 0:11:06]} Ke7 {[%clk 0:05:16]} 61. Bxe4
{[%clk 0:11:20]} dxe4 {[%clk 0:04:26]} 62. Nd4 {[%clk 0:11:22]} Kd7
{[%clk 0:04:35]} 63. Kd2 {[%clk 0:10:21]} Ba6 {[%clk 0:04:39]} 64. Kc3
{[%clk 0:09:27]} Bb5 {[%clk 0:03:27]} 65. Kb3 {[%clk 0:09:28]} Ke7
{[%clk 0:03:12]} 66. Kc2 {[%clk 0:08:55]} Kd7 {[%clk 0:03:19]} 67. Kc3
{[%clk 0:09:19]} Ke7 {[%clk 0:03:24]} 68. Nxb5 {[%clk 0:09:23]} cxb5
{[%clk 0:03:37]} 69. c6 1-0

[Event "Open C"]
[Site "Polanica-Zdroj"]
[Date "2017.08.27"]
[Round "9.8"]
[White "Budnik, Mateusz"]
[Black "Kozlowski, Marcin"]
[Result "1-0"]
[BlackElo "1739"]
[WhiteElo "1987"]
[LiveChessVersion "1.4.8"]

1. e4 {[%clk 1:20:20]} c5 {[%clk 1:30:43]} 2. Nf3 {[%clk 1:20:40]} e6
{[%clk 1:31:06]} 3. d4 {[%clk 1:21:08]} cxd4 {[%clk 1:31:29]} 4. Nxd4
{[%clk 1:21:35]} a6 {[%clk 1:31:51]} 5. g3 {[%clk 1:21:59]} Nf6 {[%clk 1:31:59]}
6. Bg2 {[%clk 1:22:24]} d5 {[%clk 1:28:27]} 7. exd5 {[%clk 1:22:18]} exd5
{[%clk 1:28:07]} 8. O-O {[%clk 1:22:21]} Be7 {[%clk 1:28:23]} 9. Nc3
{[%clk 1:22:04]} O-O {[%clk 1:28:34]} 10. Bg5 {[%clk 1:18:12]} Nc6
{[%clk 1:28:00]} 11. Re1 {[%clk 1:17:37]} Bg4 {[%clk 1:26:06]} 12. Nxc6
{[%clk 1:13:47]} bxc6 {[%clk 1:26:05]} 13. Bxf6 {[%clk 1:03:14]} Bxd1
{[%clk 1:25:57]} 14. Bxe7 {[%clk 1:03:41]} Re8 {[%clk 0:36:14]} 15. Bxd8
{[%clk 1:03:43]} Rxe1+ {[%clk 0:36:32]} 16. Bf1 {[%clk 1:04:08]} Rxd8
{[%clk 0:36:50]} 17. Rxd1 {[%clk 1:04:12]} Rxd1 {[%clk 0:34:44]} 18. Nxd1
{[%clk 1:01:22]} d4 {[%clk 0:25:26]} 19. b3 {[%clk 1:01:02]} Re8 {[%clk 0:23:48]}
20. Nb2 {[%clk 1:01:05]} Re1 {[%clk 0:23:42]} 21. Kg2 {[%clk 1:01:22]} c5
{[%clk 0:21:50]} 22. Bxa6 {[%clk 0:58:13]} Ra1 {[%clk 0:21:55]} 23. a4
{[%clk 0:58:32]} Ra2 {[%clk 0:22:07]} 24. Nd3 {[%clk 0:58:48]} Rxc2
{[%clk 0:22:26]} 25. Bc4 {[%clk 0:59:13]} Kf8 {[%clk 0:22:15]} 26. Nxc5
{[%clk 0:59:20]} Ke7 {[%clk 0:22:27]} 27. Kf3 {[%clk 0:59:13]} f6
{[%clk 0:17:48]} 28. Nd3 {[%clk 0:59:33]} f5 {[%clk 0:15:29]} 29. a5
{[%clk 0:59:40]} Kd6 {[%clk 0:14:38]} 30. Kf4 {[%clk 0:59:53]} g6
{[%clk 0:14:22]} 31. Kg5 {[%clk 0:59:56]} Re2 {[%clk 0:14:09]} 32. a6
{[%clk 0:59:34]} 1-0

[Event "Open C"]
[Site "Polanica-Zdroj"]
[Date "2017.08.27"]
[Round "9.9"]
[White "Lanica, Lukasz"]
[Black "Gromczak, Dariusz"]
[Result "1-0"]
[BlackElo "1979"]
[WhiteElo "1773"]
[LiveChessVersion "1.4.8"]

1. e4 {[%clk 1:30:58]} c5 {[%clk 1:30:53]} 2. Nf3 {[%clk 1:31:21]} e6
{[%clk 1:30:58]} 3. d4 {[%clk 1:31:45]} cxd4 {[%clk 1:31:16]} 4. Nxd4
{[%clk 1:32:10]} Nc6 {[%clk 1:31:28]} 5. Nc3 {[%clk 1:32:23]} Qc7
{[%clk 1:31:47]} 6. Be3 {[%clk 1:32:46]} a6 {[%clk 1:31:16]} 7. Bd3
{[%clk 1:33:04]} Nf6 {[%clk 1:31:31]} 8. O-O {[%clk 1:33:25]} Ne5
{[%clk 1:28:11]} 9. Nf3 {[%clk 1:33:43]} d6 {[%clk 1:27:58]} 10. Na4
{[%clk 1:33:35]} Nfd7 {[%clk 1:26:07]} 11. Nxe5 {[%clk 1:08:38]} dxe5
{[%clk 1:25:26]} 12. c4 {[%clk 1:07:32]} Nc5 {[%clk 1:19:47]} 13. b4
{[%clk 0:54:24]} Nxa4 {[%clk 1:15:11]} 14. Qxa4+ {[%clk 0:54:52]} Bd7
{[%clk 1:14:57]} 15. Qb3 {[%clk 0:53:59]} Be7 {[%clk 1:13:54]} 16. a4
{[%clk 0:49:28]} O-O {[%clk 1:12:58]} 17. a5 {[%clk 0:48:47]} f5 {[%clk 1:03:50]}
18. Rfd1 {[%clk 0:39:17]} fxe4 {[%clk 0:53:25]} 19. Bxe4 {[%clk 0:38:29]} Bc6
{[%clk 0:53:14]} 20. Bxc6 {[%clk 0:29:28]} Qxc6 {[%clk 0:44:42]} 21. b5
{[%clk 0:23:35]} Qc8 {[%clk 0:43:13]} 22. c5 {[%clk 0:20:21]} axb5
{[%clk 0:32:50]} 23. Qxb5 {[%clk 0:20:23]} Rd8 {[%clk 0:28:54]} 24. Rxd8+
{[%clk 0:19:23]} Qxd8 {[%clk 0:29:20]} 25. h3 {[%clk 0:18:35]} Qc7
{[%clk 0:22:30]} 26. Qb4 {[%clk 0:11:13]} Kf7 {[%clk 0:20:03]} 27. h4
{[%clk 0:09:47]} g6 {[%clk 0:18:34]} 28. h5 {[%clk 0:09:06]} gxh5
{[%clk 0:16:26]} 29. Qe4 {[%clk 0:07:04]} Kg8 {[%clk 0:12:46]} 30. Rb1
{[%clk 0:06:03]} Rb8 {[%clk 0:10:54]} 31. c6 {[%clk 0:04:29]} bxc6
{[%clk 0:10:58]} 32. Rxb8+ {[%clk 0:04:45]} Qxb8 {[%clk 0:11:19]} 33. Qxc6
{[%clk 0:05:01]} 1-0

[Event "Open C"]
[Site "Polanica-Zdroj"]
[Date "2017.08.27"]
[Round "9.10"]
[White "Szczesniak, Andrzej"]
[Black "Gajzner, Ryszard"]
[Result "1-0"]
[BlackElo "1717"]
[WhiteElo "1970"]
[LiveChessVersion "1.4.8"]

1. d4 {[%clk 1:30:53]} f5 {[%clk 1:30:45]} 2. Bf4 {[%clk 1:31:01]} Nf6
{[%clk 1:30:53]} 3. e3 {[%clk 1:31:20]} g6 {[%clk 1:31:17]} 4. Nf3
{[%clk 1:28:14]} Bg7 {[%clk 1:30:52]} 5. c4 {[%clk 1:27:20]} d6 {[%clk 1:31:02]}
6. h3 {[%clk 1:26:59]} c6 {[%clk 1:31:16]} 7. Nc3 {[%clk 1:27:15]} Na6
{[%clk 1:28:18]} 8. Be2 {[%clk 1:23:38]} Bd7 {[%clk 1:24:03]} 9. Rc1
{[%clk 1:18:19]} Qa5 {[%clk 1:15:30]} 10. a3 {[%clk 1:06:42]} O-O
{[%clk 1:13:55]} 11. O-O {[%clk 1:05:52]} Rae8 {[%clk 0:57:46]} 12. Bh2
{[%clk 1:02:25]} c5 {[%clk 0:45:51]} 13. Nd5 {[%clk 0:45:33]} Nxd5
{[%clk 0:43:20]} 14. cxd5 {[%clk 0:46:00]} cxd4 {[%clk 0:42:30]} 15. Nxd4
{[%clk 0:46:11]} Kh8 {[%clk 0:41:22]} 16. Bf3 {[%clk 0:42:33]} Rc8
{[%clk 0:38:58]} 17. Ne6 {[%clk 0:34:50]} Rxc1 {[%clk 0:38:43]} 18. Qxc1
{[%clk 0:35:18]} Rc8 {[%clk 0:38:47]} 19. Qb1 {[%clk 0:35:14]} Bf6
{[%clk 0:33:23]} 20. e4 {[%clk 0:33:22]} Nc7 {[%clk 0:31:05]} 21. Nf4
{[%clk 0:27:52]} fxe4 {[%clk 0:31:03]} 22. Qxe4 {[%clk 0:27:22]} Bf5
{[%clk 0:29:41]} 23. Qe3 {[%clk 0:26:49]} Nb5 {[%clk 0:25:01]} 24. g4
{[%clk 0:24:59]} Bd7 {[%clk 0:25:23]} 25. g5 {[%clk 0:22:14]} Bxb2
{[%clk 0:23:35]} 26. Qxe7 {[%clk 0:21:34]} Qd8 {[%clk 0:23:31]} 27. Qxd8+
{[%clk 0:18:17]} Rxd8 {[%clk 0:23:55]} 28. Ne6 {[%clk 0:18:34]} Rc8
{[%clk 0:23:01]} 29. a4 {[%clk 0:17:02]} Nd4 {[%clk 0:17:26]} 30. Nxd4
{[%clk 0:16:23]} Bxd4 {[%clk 0:17:48]} 31. Bxd6 {[%clk 0:16:48]} Bxa4
{[%clk 0:17:32]} 32. Be7 {[%clk 0:15:36]} Bd7 {[%clk 0:16:53]} 33. Bg4
{[%clk 0:13:31]} Bxg4 {[%clk 0:13:49]} 34. hxg4 {[%clk 0:11:22]} Re8
{[%clk 0:13:40]} 35. d6 {[%clk 0:11:32]} Bb6 {[%clk 0:14:05]} 36. Rb1
{[%clk 0:08:42]} Kg8 {[%clk 0:12:28]} 37. Rxb6 {[%clk 0:08:56]} axb6
{[%clk 0:12:53]} 38. d7 {[%clk 0:09:25]} Kf7 {[%clk 0:13:16]} 39. dxe8=Q+
{[%clk 0:09:32]} Kxe8 {[%clk 0:13:35]} 40. Ba3 {[%clk 0:09:58]} Kd7
{[%clk 0:13:58]} 41. f4 1-0

[Event "Open C"]
[Site "Polanica-Zdroj"]
[Date "2017.08.27"]
[Round "9.11"]
[White "Majdziak, Witold"]
[Black "Konopacka, Martyna"]
[Result "0-1"]
[BlackElo "1882"]
[WhiteElo "1764"]
[LiveChessVersion "1.4.8"]

1. e4 e5 2. Nf3 Nc6 3. Bb5 a6 4. Ba4 Nf6 5. O-O Be7 6. Qe2 b5 7. Bb3 d6 8. h3 O-O
9. c3 Na5 10. Bc2 c5 11. d4 Qc7 12. d5 Bd7 13. Nh2 Rfe8 14. g4 h6 15. Nd2 Nh7 16.
Ndf3 Qd8 17. Kh1 Ng5 18. Ng1 Nc4 19. b3 Nb6 20. Be3 Nc8 21. Qd2 Bf6 22. Kg2 Nh7
23. Ne2 Ne7 24. Ng3 Ng6 25. Nh5 Bg5 26. Nf3 Nh4+ 27. Nxh4 Bxh4 28. f4 Nf6 29.
Nxf6+ Qxf6 30. fxe5 Qxe5 31. Bf4 Qe7 32. Qd3 c4 33. bxc4 bxc4 34. Qf3 Rab8 35.
Rab1 Red8 36. Rxb8 Rxb8 37. Bxd6 Qxd6 38. Qxf7+ Kh8 39. e5 Qc5 40. Qg6 Qxd5+ 41.
Be4 Qg8 42. Rf7 Be8 43. e6 Rb2+ 44. Kg1 Rf2 45. Bf5 Rf3 46. Be4 Bxf7 47. exf7
Rxf7 48. Bd5 Rf6 49. Qe4 Qb8 50. g5 Qg3+ 0-1

[Event "Open C"]
[Site "Polanica-Zdroj"]
[Date "2017.08.27"]
[Round "9.12"]
[White "Bartoszewicz, Marcin"]
[Black "Lichorad, Mateusz"]
[Result "1-0"]
[BlackElo "1667"]
[WhiteElo "1875"]
[LiveChessVersion "1.4.8"]

1. e4 {[%clk 1:30:38]} c5 {[%clk 1:30:24]} 2. Nf3 {[%clk 1:30:00]} e6
{[%clk 1:30:17]} 3. d4 {[%clk 1:29:48]} cxd4 {[%clk 1:30:24]} 4. Nxd4
{[%clk 1:29:57]} Nc6 {[%clk 1:30:14]} 5. Nc3 {[%clk 1:29:32]} Qc7
{[%clk 1:30:05]} 6. Be3 {[%clk 1:29:13]} a6 {[%clk 1:29:48]} 7. Bd3
{[%clk 1:28:17]} Nf6 {[%clk 1:27:01]} 8. O-O {[%clk 1:27:35]} Be7
{[%clk 1:25:41]} 9. Kh1 {[%clk 1:24:20]} d6 {[%clk 1:23:31]} 10. f4
{[%clk 1:23:08]} O-O {[%clk 1:21:02]} 11. Qf3 {[%clk 1:22:04]} Nxd4
{[%clk 1:16:16]} 12. Bxd4 {[%clk 1:22:16]} e5 {[%clk 1:15:06]} 13. Be3
{[%clk 1:21:38]} b5 {[%clk 1:12:20]} 14. fxe5 {[%clk 1:16:02]} dxe5
{[%clk 1:12:28]} 15. Bg5 {[%clk 1:16:21]} Be6 {[%clk 1:10:45]} 16. Bxf6
{[%clk 1:13:40]} Bxf6 {[%clk 1:10:25]} 17. Nd5 {[%clk 1:13:20]} Bxd5
{[%clk 1:08:17]} 18. exd5 {[%clk 1:13:48]} Qe7 {[%clk 1:06:46]} 19. Qf5
{[%clk 1:12:48]} e4 {[%clk 1:07:01]} 20. Bxe4 {[%clk 1:11:53]} g6
{[%clk 1:07:19]} 21. d6 {[%clk 1:11:31]} gxf5 {[%clk 1:05:45]} 22. dxe7
{[%clk 1:11:54]} Bxe7 {[%clk 1:05:49]} 23. Bxa8 {[%clk 1:12:17]} Rxa8
{[%clk 1:06:16]} 24. Rxf5 {[%clk 1:12:35]} f6 {[%clk 1:05:59]} 25. g3
{[%clk 1:11:41]} Rd8 {[%clk 1:06:20]} 26. Kg2 {[%clk 1:11:27]} Kf7
{[%clk 1:06:45]} 27. Rf2 {[%clk 1:11:41]} Kg6 {[%clk 1:06:46]} 28. Rc1
{[%clk 1:10:52]} f5 {[%clk 1:06:48]} 29. Re2 {[%clk 1:10:57]} Bg5
{[%clk 1:06:51]} 30. Rce1 {[%clk 1:11:01]} Bf6 {[%clk 1:07:14]} 31. c3
{[%clk 1:11:03]} a5 {[%clk 1:07:29]} 32. Rc2 {[%clk 1:09:13]} Rc8
{[%clk 1:07:17]} 33. Re3 {[%clk 1:08:45]} h5 {[%clk 1:06:54]} 34. Rd3
{[%clk 1:08:43]} Rc5 {[%clk 1:07:14]} 35. b3 {[%clk 1:08:42]} b4 {[%clk 1:07:36]}
36. c4 {[%clk 1:09:03]} Bc3 {[%clk 1:07:28]} 37. Rd5 {[%clk 1:09:14]} Rxd5
{[%clk 1:07:38]} 38. cxd5 {[%clk 1:09:42]} Kf6 {[%clk 1:08:04]} 39. Re2
{[%clk 1:09:41]} 1-0